Mujer y género: nuevos saberes en las universidades chilenas
Guardat en:
| Autors principals: | , |
|---|---|
| Format: | Llibre |
| Idioma: | espanyol |
| Publicat: |
Santiago
Universidad de Chile
1995
|
| Col·lecció: | Colección de Ciencias Sociales
|
| Matèries: | |
| Etiquetes: |
Afegir etiqueta
Sense etiquetes, Sigues el primer a etiquetar aquest registre!
|
MARC
| LEADER | 00000nam a2200000 a 4500 | ||
|---|---|---|---|
| 001 | UCU0827 | ||
| 003 | CL-VaPUC | ||
| 008 | 960329e19950000CL |||||||||||||||||spa|d | ||
| 082 | 0 | 4 | |a 305.4 |b MON |2 21 |
| 100 | |a Montecino Aguirre, Sonia |e autora |9 342204 | ||
| 700 | 0 | |a Rebolledo, Loreto |e author |9 356247 | |
| 245 | 1 | 0 | |a Mujer y género: nuevos saberes en las universidades chilenas |
| 300 | |a 172 p | ||
| 942 | |c BK | ||
| 945 | |d 19960329 00:00:00 |a mcarcey | ||
| 260 | |a Santiago |b Universidad de Chile |c 1995 | ||
| 650 | 0 | |a Mujeres |9 257649 | |
| 650 | 0 | |a Derechos de la mujer |9 257074 | |
| 650 | 7 | |a EDUCACION DE LA MUJER |2 CL-VaPUC |9 307884 | |
| 650 | 7 | |a EMPLEO DE LAS MUJERES |2 CL-VaPUC |9 337531 | |
| 650 | 0 | |a Educación superior |9 223851 | |
| 650 | 7 | |a IGUALDAD DE DERECHOS DEL HOMBRE Y DE LA MUJER |2 CL-VaPUC |9 338670 | |
| 583 | |a last modification |c 19960329 00:00:00 |k Rodrigo Vera | ||
| 490 | 0 | |a Colección de Ciencias Sociales | |
| 999 | |c 245616 |d 245614 | ||
| 952 | |0 0 |1 0 |4 0 |6 305_400000000000000_MON_1995 |7 0 |8 A |9 260178 |a BIBGIM |b BIBGIM |d 2019-11-19 |i 3186180 |o 305.4 MON 1995 |p 3186180 |r 2025-01-15 |w 2019-11-19 |y BK |k SSL | ||
| 952 | |0 0 |1 0 |4 0 |6 305_400000000000000_MON_1995 |7 0 |8 A |9 260179 |a BIBEDU |b BIBEDU |d 2019-11-19 |i 3190196 |o 305.4 MON 1995 |p 3190196 |r 2019-11-19 |w 2019-11-19 |y BK |k EDU | ||
| 952 | |0 0 |1 0 |4 0 |6 305_400000000000000_MON_1995 |7 0 |8 A |9 260180 |a BIBGIM |b BIBGIM |d 2019-11-19 |i 3247996 |o 305.4 MON 1995 |p 3247996 |r 2025-01-15 |w 2019-11-19 |y BK |k SSL | ||
| 952 | |0 0 |1 0 |4 0 |6 305_400000000000000_MON_1995 |7 0 |8 A |9 260181 |a BIBHIS |b BIBHIS |d 2019-11-19 |i 3356922 |o 305.4 MON 1995 |p 3356922 |r 2025-01-20 |w 2019-11-19 |y BK |k HIS | ||